Do-it-yourselfer's guide to modern energy-efficient heating & cooling systems (Record no. 25836)

000 -LEADER
fixed length control field 00571nam a2200193 i 4500
001 - CONTROL NUMBER
control field 25836
003 - CONTROL NUMBER IDENTIFIER
control field BD-DhUET
008 - FIXED-LENGTH DATA ELEMENTS--GENERAL INFORMATION
fixed length control field 771003s1977 paua 001 0 eng
020 ## - INTERNATIONAL STANDARD BOOK NUMBER
International Standard Book Number 0830679030
-- 0830669035
040 ## - CATALOGING SOURCE
Original cataloging agency DLC
Transcribing agency DLC
Modifying agency BD-DhUET
082 00 - DEWEY DECIMAL CLASSIFICATION NUMBER
Classification number 697
Item number TRA/1977
100 1# - MAIN ENTRY--PERSONAL NAME
Personal name Traister, John E.
245 10 - TITLE STATEMENT
Title Do-it-yourselfer's guide to modern energy-efficient heating & cooling systems
250 ## - EDITION STATEMENT
Edition statement 1st ed.
260 ## - PUBLICATION, DISTRIBUTION, ETC. (IMPRINT)
Place of publication, distribution, etc. Blue Ridge Summit
Name of publisher, distributor, etc. G/L Tab Books
Date of publication, distribution, etc. 1977
300 ## - PHYSICAL DESCRIPTION
Extent 280 p.
Other physical details ill
Dimensions 22 cm.
650 #0 - SUBJECT ADDED ENTRY--TOPICAL TERM
Topical term or geographic name as entry element Dwellings -- Heating and ventilation
942 ## - ADDED ENTRY ELEMENTS (KOHA)
Koha item type General Book
Holdings
Koha normalized classification for sorting Koha date last seen Koha item type Location (home branch) Damaged status Shelving location Koha full call number Source of classification or shelving scheme Date acquired Lost status Not for loan Copy number Price effective from Piece designation (barcode) Withdrawn status Sublocation or collection (holding branch)
697_000000000000000_TRA_19772015-05-17General BookCentral Library, BUET Circulation section697/TRA/1977 2015-05-17  12015-05-1752541 Central Library, BUET